Musiques de Jain - Statistiques

Statistiques générales
  • Ce quiz a été pris 91 fois
  • Le résultat moyen est 12 sur 26
Statistiques - réponses
Réponse % Correct
Come
91%
Come (Extended version)
91%
Come (Femi Kuti remix)
91%
Makeba
86%
Makeba (Dirty Ridin' remix)
86%
Alright
67%
Souldier
58%
Mr Johnson
48%
Dream
45%
Oh Man
45%
Inspecta
42%
Star
42%
Lil Mama
39%
Dynabeat
36%
Heads Up
36%
Hope
36%
Hob
34%
Abu Dhabi
28%
City
28%
Flash (Pointe Noire)
28%
On My Way
28%
All My Days
25%
Feel It
25%
So Peaceful
25%
You Can Blame Me
20%
Son of a Sun
19%
Aucun quiz correspondant
Distribution des résultats
% des personnes avec chaque résultat
Percentile par nombre de réponses
Votre historique - résultats
Vous n’avez pas pris ce quiz